| 000 | 00826cam a22002777a 4500 | ||
|---|---|---|---|
| 003 | CHAP | ||
| 005 | 20220329134237.0 | ||
| 008 | 971013s1985 r 00010 d | ||
| 010 | _a17494 | ||
| 011 | _a18466 | ||
| 035 | _a22551 | ||
| 040 | _cCHAP | ||
| 082 |
_a632.7 _bJ65Y |
||
| 100 | 0 | 0 |
_aJolivet, Pierre. _961956 |
| 245 | 1 | 4 | _aLos insectos y el hombre |
| 260 |
_aMéxico, D.F., : _bF.C.E, _c1985 |
||
| 300 |
_a150 h. _b: ilus |
||
| 490 | 0 |
_aBreviarios _v; 306 |
|
| 590 |
_aBATCH-UPD _b10 _c20130110 _lUCH01 _h1221 |
||
| 590 |
_aCONVERSION _b10 _c20130109 _lUCH01 _h1311 |
||
| 830 | 0 |
_aBreviarios _v; 306 _915273 |
|
| 901 | _aBK | ||
| 942 | _cLIBRO | ||
| 949 |
_a632.7 J65Y _bBC _cLIBRO _d33724000765517 _eLIBRO _gI.c/e _h62798 _i22551 _si |
||
| 949 |
_a632.7 J65Y _bBC _cLIBRO _d33724000765616 _eLIBRO _fc.2 _gI.c/e _h62799 _i22551 _si |
||
| 999 |
_c17494 _d17494 |
||